|
|
|
|
| LEADER |
00786cam a2200229 7i4500 |
| 001 |
0000051564 |
| 005 |
20180430090000.0 |
| 008 |
180426 eng |
| 020 |
|
|
|a 0321311558
|
| 090 |
0 |
0 |
|a HB139
|b .S78 2006
|
| 100 |
1 |
|
|a Studenmund, A. H
|
| 245 |
1 |
0 |
|a Using econometrics :
|b a practical guide
|c A. H. Studenmund.
|
| 250 |
|
|
|a 5th ed.
|
| 260 |
|
|
|a Boston:
|b Pearson/Addison Wesley,
|c 2006.
|
| 300 |
|
|
|a xv, 639 p.:
|b ill.;
|c 24 cm.
|
| 490 |
0 |
|
|a The Addison-Wesley series in economics
|
| 500 |
|
|
|a Gift: Faculty of Business & Accountancy
|
| 504 |
|
|
|a Includes bibliographical references and index
|
| 650 |
0 |
0 |
|a Regression analysis
|
| 650 |
0 |
0 |
|a Econometrics
|
| 997 |
|
|
|a Business & Accountancy, Faculty
|
| 999 |
|
|
|a 0000059907
|b BOK
|c OPEN SHELF
|e 1st Floor, Shah Alam
|